Southville International School and Colleges
Your cart is empty.
  • Cart
  • Lists
    Public lists Eva Luna New books Lux_list list_1
    Your lists Log in to create your own lists
  • Log in to your account
  • Your cookies
  • Search history
Southville International School and Colleges
  • Advanced search
  • Recent comments
  • Most popular
  • Libraries

Log in to your account

Log in with GOOGLE


If you do not have an external account, but do have a local account, you can still log in:

  1. Home
  2. MARC view: Tourism : principles, practices, concepts and philosophies /
Normal view MARC view ISBD view

Tourism : principles, practices, concepts and philosophies / (Record no. 275601)

[ view plain ]
MARC details
000 -LEADER
fixed length control field 00652nam a2200217 a 4500
001 - CONTROL NUMBER
control field SSB062520
003 - CONTROL NUMBER IDENTIFIER
control field SISC
005 - DATE AND TIME OF LATEST TRANSACTION
control field 20160602110942.0
008 - FIXED-LENGTH DATA ELEMENTS--GENERAL INFORMATION
fixed length control field
020 ## - INTERNATIONAL STANDARD BOOK NUMBER
International Standard Book Number 9788126150939
050 ## - LIBRARY OF CONGRESS CALL NUMBER
Classification number G 155.A1
Item number .M298 2013
100 ## - MAIN ENTRY--PERSONAL NAME
Personal name Malra, Renu.
245 #0 - TITLE STATEMENT
Title Tourism : principles, practices, concepts and philosophies /
Statement of responsibility, etc Renu Malra.
250 ## - EDITION STATEMENT
Edition statement 1st edition.
260 ## - PUBLICATION, DISTRIBUTION, ETC. (IMPRINT)
Place of publication, distribution, etc New Delhi :
Date of publication, distribution, etc Anmol Publications Pvt. Ltd.,
Name of publisher, distributor, etc 2013.
300 ## - PHYSICAL DESCRIPTION
Extent 318 pages :
Other physical details illustration ;
Dimensions 23 cm.
500 ## - GENERAL NOTE
General note Includes bibliographical reference and index.
521 ## - TARGET AUDIENCE NOTE
Target audience note Tourism
650 ## - SUBJECT ADDED ENTRY--TOPICAL TERM
Topical term or geographic name as entry element Tourism.
942 ## - ADDED ENTRY ELEMENTS (KOHA)
Source of classification or shelving scheme Library of Congress Classification
Koha item type Books
Call number prefix Foreign
Holdings
Withdrawn status Lost status Damaged status Home library Current library Shelving location Date acquired Total Checkouts Total Renewals Full call number Barcode Date last seen Date checked out Price effective from Koha item type Source of classification or shelving scheme Source of acquisition Cost, normal purchase price
      College Library College Library Reserve Section 03/21/2014 3 4 G 155.A1 .M298 2013 C17792 04/29/2019 04/29/2019 03/21/2014 Books      
      College Library College Library Reserve Section 09/24/2014 1   G 155.A1 .M298 2013 C18640 05/15/2018 06/27/2016 09/24/2014 Books Library of Congress Classification Library Fund 2636.00

Tourism : principles, practices, concepts and philosophies /

APA

Malra R., .Tourism : principles, practices, concepts and philosophies. New Delhi: 2013.

Chicago

Malra Renu, .Tourism : principles, practices, concepts and philosophies. New Delhi: 2013.

Harvard

Malra R., .Tourism : principles, practices, concepts and philosophies. New Delhi: 2013.

MLA

Malra Renu, .New Delhi: 2013. .

  • Place hold
  • Print
  • Cite
  • Add to your cart (remove)
  • Save record
    BIBTEX Dublin Core MARCXML MARC (non-Unicode/MARC-8) MARC (Unicode/UTF-8) MARC (Unicode/UTF-8, Standard) MODS (XML) RIS
  • More searches
    Search for this title in:
    Other Libraries (WorldCat) Other Databases (Google Scholar) Online Stores (Bookfinder.com) Open Library (openlibrary.org)

Exporting to Dublin Core...

SOUTHVILLE LIBRARY

Southville International School and Colleges Library

1281 Tropical Ave. Cor. Luxembourg St., BF Homes International, Las Pinas City

Tel. No. 8256374 / 252358 Loc. 117/146

Powered by Koha